000
00352nam a22001217a 4500
999
_c
13540
_d
13540
082
_a
297.009
_b
ع ل ی
100
_a
محمّد علی چراغ
245
_a
حضرت عثمان غنی
260
_a
لاہور
_b
نزیر سنز پبلشرز
_c
٢٠٠٥
300
_a
١٤٤ صفحات
650
_a
Hazrat Usman Ghani, Islam, Khalifa
942
_c
BK